|
|
|
|
| LEADER |
00000cam a2200000 i 4500 |
| 001 |
1/81894 |
| 008 |
941007s1982 fr | ||| |||| ||fre|| |
| 020 |
|
|
|a 2020061473
|
| 035 |
|
|
|l 10005395
|
| 040 |
|
|
|a GR-MyUa
|b gre
|e AACR2
|
| 041 |
0 |
|
|a fre
|
| 082 |
7 |
|
|a 970.016
|2 (22)
|
| 100 |
1 |
|
|a Todorov, Tzvetan,
|d 1939-2017.
|
| 245 |
1 |
3 |
|a La conquete de l'Amerique :
|b la question de l'autre /
|c Tzvetan Todorov.
|
| 260 |
|
|
|a Paris :
|b Seuil,
|c c1982.
|
| 300 |
|
|
|a 278 σ. :
|b εικ. ;
|c 21 εκ.
|
| 504 |
|
|
|a Βιβλιογραφία: σ. 261-[269]. Ευρετήριο.
|
| 650 |
|
0 |
|a Indians, Treatment of.
|
| 650 |
|
0 |
|a Indians
|x First contact with Europeans.
|
| 651 |
|
0 |
|a America
|x Discovery and exploration
|x Spanish.
|
| 767 |
0 |
8 |
|i Μεταφρασμένο ως:
|t Η κατάκτηση της Αμερικής :
|
| 852 |
|
|
|a INST
|b LESVOS
|e 19941007
|h 970.016 TOD
|p 005100003579
|q 005100003579
|t BK
|y 0
|